| 000 -LEADER |
| fixed length control field |
01473cam a2200397Ka 4500 |
| 001 - CONTROL NUMBER |
| control field |
892687719 |
| 003 - CONTROL NUMBER IDENTIFIER |
| control field |
OCoLC |
| 005 - DATE AND TIME OF LATEST TRANSACTION |
| control field |
20190808084121.0 |
| 008 - FIXED-LENGTH DATA ELEMENTS--GENERAL INFORMATION |
| fixed length control field |
141009s2014 maua 6 000 f eng d |
| 020 ## - INTERNATIONAL STANDARD BOOK NUMBER |
| International Standard Book Number |
9780547617893 |
| 020 ## - INTERNATIONAL STANDARD BOOK NUMBER |
| International Standard Book Number |
0547617895 |
| 035 ## - SYSTEM CONTROL NUMBER |
| System control number |
(OCoLC)892687719 |
| 040 ## - CATALOGING SOURCE |
| Original cataloging agency |
ATWFP |
| Transcribing agency |
ATWFP |
| Modifying agency |
NYP |
| 049 ## - LOCAL HOLDINGS (OCLC) |
| Holding library |
NYPP |
| 082 ## - DEWEY DECIMAL CLASSIFICATION NUMBER |
| Classification number |
FIC INZ |
| 091 ## - MICROFILM SHELF LOCATION (AM) [OBSOLETE] |
| Microfilm shelf location |
GN FIC |
| 100 1# - MAIN ENTRY--PERSONAL NAME |
| Personal name |
Inzana, Ryan. |
| Relator term |
author & illustrator |
| 245 10 - TITLE STATEMENT |
| Title |
Ichiro / |
| Statement of responsibility, etc. |
written & illustrated by Ryan Inzana. |
| 260 ## - PUBLICATION, DISTRIBUTION, ETC. |
| Place of publication, distribution, etc. |
Boston : |
| Name of publisher, distributor, etc. |
Houghton Mifflin Harcourt Publishing, |
| Date of publication, distribution, etc. |
2012. |
| 300 ## - PHYSICAL DESCRIPTION |
| Extent |
[288] p. : |
| Other physical details |
chiefly col. ill. ; |
| Dimensions |
26 cm. |
| 520 8# - SUMMARY, ETC. |
| Summary, etc. |
This striking, full-color graphic novel follows Ichiro as he moves from New York to Japan where a shapeshifting tanuki brings him on a fantastic adventure into the mythological world of Japanese gods. This journey brings him closer to his Japanese roots, and to understanding the nature of good and evil, war and peace, gods and men. |
| 650 #0 - SUBJECT ADDED ENTRY--TOPICAL TERM |
| Topical term or geographic name entry element |
Japanese Americans |
| Form subdivision |
Fiction. |
| 650 #0 - SUBJECT ADDED ENTRY--TOPICAL TERM |
| Topical term or geographic name entry element |
Monsters |
| Form subdivision |
Fiction. |
| 650 #0 - SUBJECT ADDED ENTRY--TOPICAL TERM |
| Topical term or geographic name entry element |
Japanese Americans |
| Form subdivision |
Comic books, strips, etc. |
| 650 #0 - SUBJECT ADDED ENTRY--TOPICAL TERM |
| Topical term or geographic name entry element |
Monsters |
| Form subdivision |
Comic books, strips, etc. |
| 651 #0 - SUBJECT ADDED ENTRY--GEOGRAPHIC NAME |
| Geographic name |
Japan |
| Form subdivision |
Fiction. |
| 651 #0 - SUBJECT ADDED ENTRY--GEOGRAPHIC NAME |
| Geographic name |
Japan |
| Form subdivision |
Comic books, strips, etc. |
| 655 #7 - INDEX TERM--GENRE/FORM |
| Genre/form data or focus term |
Graphic novels. |
| Source of term |
lcgft. |
| 655 #7 - INDEX TERM--GENRE/FORM |
| Genre/form data or focus term |
Fantasy comics. |
| Source of term |
lcgft. |
| 655 #7 - INDEX TERM--GENRE/FORM |
| Genre/form data or focus term |
Fantasy fiction. |
| Source of term |
lcgft. |
| 901 ## - LOCAL DATA ELEMENT A, LDA (RLIN) |
| a |
nsn |
| b |
CATBL |
| 901 ## - LOCAL DATA ELEMENT A, LDA (RLIN) |
| a |
MARS |
| 942 ## - ADDED ENTRY ELEMENTS (KOHA) |
| Source of classification or shelving scheme |
|
| Koha item type |
Books - Fiction |
| 945 ## - LOCAL PROCESSING INFORMATION (OCLC) |
| a |
.b202826065 |
| 946 ## - LOCAL PROCESSING INFORMATION (OCLC) |
| a |
m |